000 00417nam a22001697a 4500
003 OSt
005 20220103090025.0
008 220103b |||||||| |||| 00| 0 eng d
020 _a0256061831
040 _cHU
082 _a658
100 _aANTHONY ROBERT N.
_926713
245 _aMANAGEMENT CONTEROL IN NONPROFIT ORGANIZTIONS
260 _aUNITED STATE
_bAMERICA
_c1972
300 _a918
942 _2ddc
_cBOOKS
_n0
999 _c25660
_d25660